000 00535nam a2200205Ia 4500
005 20250326144814.0
008 250326s9999 xx 000 0 und d
020 _a0-471-46004-4
037 _aTextbook
040 _aFMSL
_beng
_cFMSL
041 _aeng
_2eng
084 _aX:5.73 P4
_qFMSL
100 _aSmith G V
_9750136
245 0 _aIntellectual property
_cSmith G V; Parr R L
250 _a3
260 _aUSA
_bUSA, John Wiley
_c2004
300 _a455p
942 _cTB
_hX:5.73 P4
999 _c1305136
_d1305136